000 00938nam a2200265Ia 4500
003 OSt
005 20220923211310.0
006 a|||||r|||| 00| 0
007 ta
008 220922b |||||||| |||| 00| 0 hin d
020 _a9788179755105 (hbk)
_c1295
024 _a284,247
037 _b26, 02/02/2015, P. K. Books
_cTextual
040 _aARTS
_cARTS
_bhin
041 _2hin
_ahin
082 _aR85v, 152J5;Q4
100 _aथिली, फै्रंक
_9156291
245 0 _aपाश्चात्य दर्शन का इतिहास
246 _aPāshchātya darshan kā itihāsa
260 _aनई दिल्ली
_b अनामिका पब्लिशर्स
_c2014
300 _a595पृ.
_ccm.
650 _aभारतीय दर्शन
942 _hR85v, 152J5;Q4
_cTEXL
_2CC
999 _c298225
_d298225